000 00698nam a2200229Ia 4500
003 OSt
005 20220927105734.0
006 a|||||r|||| 00| 0
007 ta
008 220926b |||||||| |||| 00| 0 eng d
024 _a205598
037 _cReference Collections
040 _aRTL
_cRTL
_beng
041 _2eng
_aeng
082 _a"Y49.2.N70<-M30, L7"
100 _aSEN Sukomal
_9374620
245 0 _aWorking class of India
_b History of emergence and movement 1830-1970
260 _a"Calcutta,"
_b"K P Bagchi & Company, "
_c1977
300 _a466p
_ccm.
942 _h"Y49.2.N70<-M30, L7"
_cCC
999 _c694279
_d694279